LEADER 01133nam a2200325 i 4500 001 991000764269707536 005 20020507173302.0 008 950606s1980 us ||| | eng 020 $a0442243944 035 $ab10754040-39ule_inst 035 $aLE01301973$9ExL 040 $aDip.to Matematica$beng 082 0 $a001.6425 084 $aAMS 68Q10 084 $aQA76.6.P9 100 1 $aPyster, Arthur B.$0534926 245 10$aCompiler design and construction /$cArthur B. Pyster 260 $aNew York :$bVan Nostrand Reinhold Co.,$cc1980 300 $axvi, 357 p. :$bdiagrs. ;$c24 cm 490 0 $aElectrical/computer science and engineering series 500 $aBibliography: p. 339-350 500 $aIncludes index 650 4$aCompilers 650 4$aCompiling 907 $a.b10754040$b23-02-17$c28-06-02 912 $a991000764269707536 945 $aLE013 68Q PYS11 (1980)$g1$i2013000142586$lle013$o-$pE0.00$q-$rl$s- $t0$u1$v0$w1$x0$y.i10847765$z28-06-02 996 $aCompiler design and construction$9911390 997 $aUNISALENTO 998 $ale013$b01-01-95$cm$da $e-$feng$gus $h0$i1 LEADER 05012oas 2201765 a 450 001 9910137795103321 005 20260324110601.0 011 $a1466-1861 035 $a(OCoLC)37775241 035 $a(CONSER) 2006242024 035 $a(CKB)954925273439 035 $a(DE-599)ZDB2008065-7 035 $a(TW-Airiti)jkey=P20160527003 035 $a(TW-Airiti)P20160527003 035 $a(MiFhGG)5FOW 035 $a(MiAaPQ)2037497 035 $a(DE-599)2008065-7 035 $a(EXLCZ)99954925273439 100 $a19971013a19929999 sy a 101 0 $aeng 135 $aurmnu|||||||| 181 $ctxt$2rdacontent 182 $cc$2rdamedia 183 $acr$2rdacarrier 200 10$aMediators of inflammation 210 $aAbingdon, England $cCarfax$dİ1992- 210 21$a[Cairo] :$cHindawi Pub. Corp 210 21$aSylvania, OH :$cHindawi Pub. Corp. 210 21$aLondon :$cHindawi 210 31$aHoboken, NJ :$cJohn Wiley & Sons Ltd. 215 $a1 online resource 300 $aTitle from journal contents page (publisher's Web site, viewed June 28, 2006). 300 $aProvisional versions of recently accepted articles also available on publisher's Web site. 300 $aRefereed/Peer-reviewed 311 08$a0962-9351 531 0 $aMediat. inflamm. 606 $aInflammation$xMediators$vPeriodicals 606 $aBiological response modifiers$vPeriodicals 606 $aBiological response modifiers 606 $aCell adhesion molecules 606 $aCell interaction 606 $aCytokines 606 $aInflammation 606 $aInflammation$xMediators 606 $aAutacoids 606 $aImmunologic Factors 606 $aCell Adhesion Molecules 606 $aCell Communication 606 $aCytokines 606 $aInflammation 606 $aInflammation Mediators 606 $aInflammation (Pathologie)$xMe?diateurs 606 $aImmunomodulateurs 606 $aInflammation (Pathologie)$xMe?diateurs$vPe?riodiques 606 $aImmunomodulateurs$vPe?riodiques 606 $aAutacoi?des 606 $aMole?cules d'adhe?sion cellulaire 606 $aCellules$xInteraction 606 $aCytokines 606 $aInflammation (Pathologie) 606 $aImmunology$2ebps 606 $aInflammation$2fast$3(OCoLC)fst00972432 606 $aCytokines$2fast$3(OCoLC)fst00886268 606 $aCell interaction$2fast$3(OCoLC)fst00850189 606 $aCell adhesion molecules$2fast$3(OCoLC)fst00850166 606 $aBiological response modifiers$2fast$3(OCoLC)fst00832312 606 $aInflammation$xMediators$2fast$3(OCoLC)fst00972436 608 $aPeriodicals.$2fast 608 $aPeriodicals.$2lcgft 615 0$aInflammation$xMediators 615 0$aBiological response modifiers 615 0$aBiological response modifiers. 615 0$aCell adhesion molecules. 615 0$aCell interaction. 615 0$aCytokines. 615 0$aInflammation. 615 0$aInflammation$xMediators. 615 2$aAutacoids. 615 2$aImmunologic Factors. 615 2$aCell Adhesion Molecules. 615 2$aCell Communication. 615 2$aCytokines. 615 2$aInflammation. 615 2$aInflammation Mediators. 615 6$aInflammation (Pathologie)$xMe?diateurs. 615 6$aImmunomodulateurs. 615 6$aInflammation (Pathologie)$xMe?diateurs 615 6$aImmunomodulateurs 615 6$aAutacoi?des. 615 6$aMole?cules d'adhe?sion cellulaire. 615 6$aCellules$xInteraction. 615 6$aCytokines. 615 6$aInflammation (Pathologie) 615 7$aImmunology. 615 7$aInflammation. 615 7$aCytokines. 615 7$aCell interaction. 615 7$aCell adhesion molecules. 615 7$aBiological response modifiers. 615 7$aInflammation$xMediators. 676 $a616.0473 712 02$aHindawi Publishing Corporation. 712 02$aJohn Wiley & Sons, Ltd., 801 0$bF#A 801 1$bF#A 801 2$bOCL 801 2$bOCLCQ 801 2$bOCL 801 2$bMYG 801 2$bOCLCQ 801 2$bDLC 801 2$bMUQ 801 2$bOCLCQ 801 2$bHUL 801 2$bOCLCQ 801 2$bOCLCF 801 2$bOCLCQ 801 2$bOCLCO 801 2$bWT2 801 2$bOCLCA 801 2$bBUF 801 2$bOCLCQ 801 2$bOCLCO 801 2$bAU@ 801 2$bOCLCO 801 2$bWYU 801 2$bU3W 801 2$bOCLCO 801 2$bOCLCA 801 2$bVT2 801 2$bOCLCO 801 2$bUKMGB 801 2$bOCLCA 801 2$bOCLCQ 801 2$bOCLCA 801 2$bSFB 801 2$bOCLCQ 801 2$bLDP 801 2$bOCLCO 801 2$bOCLCQ 801 2$bOCL 801 2$bUBY 801 2$bNLM 801 2$bOCLCL 801 2$bDLC 801 2$bOCLCQ 906 $aJOURNAL 912 $a9910137795103321 996 $aMediators of inflammation$9791650 997 $aUNINA